000 00459nam a2200181 4500
003 SEACOMEC
005 20250418132452.0
008 240531b |||||||| |||| 00| 0 eng d
020 _cRs.195.00
040 _aSEACOMEC
082 _a005.1
_bM252
100 _a Mall, Rajib
245 1 _aFundamentals of Software Engineering /
_c Rajib Mall
250 _a2nd ed
260 _aNew Delhi
_b Prentice Hall
_c2007
650 _aComputer Science
942 _cBOOK
999 _c1260
_d1260